Statistiques concernant Les régions de l'empire romain

Cliquez ici pour prendre le quiz!

Statistiques générales

  • Ce quiz a été pris 39 fois
  • Le résultat moyen est 12 sur 44

Statistiques - réponses

HintRéponse% Correct
SyrieSyrie
67%
CorseCorse
56%
Israel du sudJudée
56%
SardaigneSardaigne
56%
Angleterre pays de galles et écosse du sudBretagne
50%
CrèteCrète
50%
Egypte du nord et centraleÉgypte
50%
SicileSicile
50%
Arabie saoudite nord et jordanieArabie
44%
ChypreChypre
44%
RhodesRhodes
44%
France du sud-ouestAquitaine
39%
Italie, saint-marin vatican et suisse du sudItalie
39%
Portugal et espagne du sud-estLusitanie
39%
Lybie du nord et tunisieAfrique
33%
France du nord-est, belgique, luxembourg et allemagne de l'ouestBelgique
33%
Grèce de l'ouestÉpire
33%
France du sud-estNarbonnnaise
33%
Monaco, france du sud-est et italie du nord-estRégions francitaliennes
33%
Croatie, bosnie-herzégovine monténégro, hongrie du sud et serbie de l'ouestDalmatie
28%
France du nord-ouest et centraleLyonnaise
28%
Slovaquie de l'ouestRégion slovaque
28%
Andorre, espagne du nord, du sud et de l'est et portugal du nordTarraconaise
28%
Grèce du sudAchaïe
22%
Turquie de l'estCappadoce
22%
Maroc du nord et algérie du nord-ouestMaurétanie
22%
Turquie du nord-ouestBythinie et pont
17%
Pays-bas du sud et allemagne du nord-ouestGermanie inférieure
17%
Liban et israel du nordPhénicie
17%
Turquie centraleGalatie
11%
Suisse du nord, liechtenstein et allemagne du sud-ouestGermanie supérieure
11%
Albanie, macédoine, grèce du nord et centrale et bulgarie du sud-ouestMacédoine
11%
Algérie du nord-estNumidie
11%
Hongrie et slovaquie du sudPannonie
11%
Ukraine du sud-est et russie du sud-ouestRoyaume du bosphore
11%
Bulgarie et turquie du nord-ouestThrace
11%
Turquie de l'ouestAsie
6%
Turquie du sud-estCilicie
6%
Hongrie centrale et de l'ouest et roumanieDacie
6%
Turquie du sud-ouestLycie
6%
Autriche de l'estNorique
6%
Suisse, autriche de l'est et allemagne du sudRhétie
6%
Serbie centrale et de l'est et kosovoMésie
0%
Roumanie du sud et ukraine du sud-ouestMésie inférieure
0%

Distribution des résultats

Percentile par nombre de réponses

% des personnes avec chaque résultat

Votre développement - résultats

Vous n’avez pas pris ce quiz